Представление документа в формате RUSMARC

ПолеНазваниеЗначение
  Тип записи a
  Библиографический уровень m
001 Контрольный номер 2be9586363cb4974a5cb5f9bd5168028
005 Дата корректировки 20140609162341.4
010 Индекс ISBN __
a ISBN 978-5-16-003618-2
101 Язык документа 0_
a Язык текста rus
102 Страна публикации __
a Страна публикации RU
200 Заглавие и сведения об ответственности 1_
a Заглавие Трудовой кодекс Российской Федерации
e Сведения, относящиеся к заглавию Федер. закон от 30 дек. 2001 г. №197-ФЗ (в ред. Федер. закона от 30.12.2008 № 313-ФЗ)
210 Выходные данные 1_
c Издательство ИНФРА-М
a Место издания М.
d Дата издания 2009
215 Физическое описание __
a Объем 207, [1] с.
225 Серия 2_
a Серия Б-ка кодексов
v Обозначение тома вып. 2(154)
610 Ключевые слова 0_
a Ключевые слова трудовой кодекс
686 Индексы других классификаций __
a Классификационный индекс 67.627-32
2 Код системы rubbk
801 Источник записи _0
a Страна RU
b Организация РУК
c Дата составления 20100127
g Правила каталогизации PSBO
801 Источник записи _1
a Страна RU
b Организация РУК
c Дата составления 20100127
g Правила каталогизации PSBO
852 Данные о местонахождении __
i Авторский знак Т 78
j Шифр хранения ББК 67
901 Тип документа __
t Тип документа m
938 Служебная информация __
a Название организации Головной вуз
b Имя БД BOOK
c Название АИБС АИБС ИРБИС